Practical English handbook
Bewaard in:
| Hoofdauteur: | |
|---|---|
| Formaat: | Boek |
| Taal: | Undetermined |
| Gepubliceerd in: |
Boston, Massachusetts
Houghton Mifflin
1989
|
| Onderwerpen: | |
| Tags: |
Voeg label toe
Geen labels, Wees de eerste die dit record labelt!
|
| Thư viện lưu trữ: | Trung tâm Học liệu Trường Đại học Cần Thơ |
|---|
| LEADER | 00575nam a2200181Ia 4500 | ||
|---|---|---|---|
| 001 | CTU_40808 | ||
| 008 | 210402s9999 xx 000 0 und d | ||
| 082 | |a 425.076 | ||
| 082 | |b W336 | ||
| 100 | |a Floyd C Watkins | ||
| 245 | 0 | |a Practical English handbook | |
| 245 | 0 | |c Floyd C Watkins, William B Dillingham | |
| 260 | |a Boston, Massachusetts | ||
| 260 | |b Houghton Mifflin | ||
| 260 | |c 1989 | ||
| 650 | |a english grammar - problems, exercises, etc,english grammar - study and teaching | ||
| 904 | |i Minh, 010409 | ||
| 980 | |a Trung tâm Học liệu Trường Đại học Cần Thơ | ||